[Event "Nabereznye Chelny"]
[Site "Nabereznye Chelny"]
[Date "2007.02.21"]
[Round "3"]
[White "Moukhametov, Alfat"]
[Black "Mironov, Vyacheslav"]
[Result "0-1"]
[WhiteElo "2089"]
[BlackElo "2025"]
[PlyCount "64"]
[EventDate "2007.02.17"]
[EventType "tourn"]
[EventRounds "11"]
[EventCountry "RUS"]
[SourceTitle "EXT 2010"]
[Source "ChessBase"]
[SourceDate "2010.11.25"]
[SourceVersion "1"]
[SourceVersionDate "2010.11.25"]
[SourceQuality "1"]

1. d4 c5 2. d5 e5 3. e4 d6 4. Nc3 a6 5. a4 Nf6 6. Bd3 g6 7. Nf3 Nbd7 8. Bg5 Bg7 9. 0-0 0-0 10. Qd2 b6 11. b3 Qc7 12. h3 Nh5 13. Ne2 f5 14. g3 Ndf6 15. Bxf6 Nxf6 16. Ng5 fxe4 17. Bxe4 Nxe4 18. Nxe4 Bxh3 19. Rfe1 Qf7 20. Qe3 Qd7 21. c4 Bg4 22. Rab1 Bf3 23. Kh2 Qf5 24. Ng5 Bxe2 25. Rxe2 Qxb1 26. f4 Qf5 27. Ne6 exf4 28. gxf4 Qh5+ 29. Kg3 Rae8 30. Rh2 Qf5 31. Qf3 Rxe6 32. dxe6 Qxe6 0-1

[Event "Nabereznye Chelny"]
[Site "Nabereznye Chelny"]
[Date "2007.02.19"]
[Round "2"]
[White "Zakirov, Rustem"]
[Black "Moukhametov, Alfat"]
[Result "1-0"]
[WhiteElo "2279"]
[BlackElo "2089"]
[PlyCount "59"]
[EventDate "2007.02.17"]
[EventType "tourn"]
[EventRounds "11"]
[EventCountry "RUS"]
[SourceTitle "EXT 2010"]
[Source "ChessBase"]
[SourceDate "2010.11.25"]
[SourceVersion "1"]
[SourceVersionDate "2010.11.25"]
[SourceQuality "1"]

1. Nf3 Nf6 2. c4 e6 3. Nc3 d5 4. cxd5 exd5 5. d4 Be7 6. Bg5 0-0 7. Bxf6 Bxf6 8. e3 c6 9. Bd3 Bg4 10. Qc2 g6 11. 0-0-0 Re8 12. h3 Bd7 13. g4 b5 14. Rdg1 Na6 15. h4 Qc8 16. g5 Nb4 17. Qb1 Nxd3+ 18. Qxd3 Bg7 19. Nd2 Bf5 20. Qf1 a5 21. Nb3 Bf8 22. h5 Qe6 23. hxg6 Bxg6 24. Qh3 Bf5 25. Qh4 Reb8 26. g6 h6 27. Nc5 Bxc5 28. Qxh6 fxg6 29. Qh8+ Kf7 30. Rh7# 1-0

[Event "Moscow Beliaev Memorial 7th"]
[Site "Moscow"]
[Date "2006.12.22"]
[Round "7"]
[White "Prikhodko, Petr"]
[Black "Moukhametov, Alfat"]
[Result "1-0"]
[WhiteElo "2179"]
[BlackElo "2089"]
[PlyCount "89"]
[EventDate "2006.12.16"]
[EventType "swiss"]
[EventRounds "9"]
[EventCountry "RUS"]
[SourceTitle "EXT 2008"]
[Source "ChessBase"]
[SourceDate "2007.11.25"]
[SourceVersion "1"]
[SourceVersionDate "2007.11.25"]
[SourceQuality "1"]

1. d4 Nf6 2. Bg5 Ne4 3. Bf4 c5 4. f3 Qa5+ 5. c3 Nf6 6. Nd2 d6 7. e4 g6 8. Nb3 Qb6 9. Be3 Nbd7 10. Bd3 Bg7 11. f4 c4 12. Bxc4 Nxe4 13. Nf3 Ndf6 14. 0-0 0-0 15. Kh1 Bf5 16. Qe2 a5 17. Rae1 a4 18. Nbd2 d5 19. Nxe4 Bxe4 20. Bb5 e6 21. Bc1 Rfc8 22. a3 Ra5 23. Bd3 Bxd3 24. Qxd3 Ne4 25. Ne5 Qc7 26. Qf3 Ra6 27. Nd3 Raa8 28. g4 Rf8 29. f5 g5 30. Nf2 exf5 31. Qxf5 Rae8 32. Nxe4 dxe4 33. Rxe4 h6 34. Rfe1 Qc6 35. d5 Qb5 36. c4 Rxe4 37. Qxe4 Qb6 38. Qc2 Qc5 39. Be3 Qa5 40. Bd2 Qb6 41. Bb4 Rc8 42. Qf5 Qc7 43. Re7 Qf4 44. Qxc8+ Bf8 45. Qxf8+ 1-0